Science Quiz

Random Science or Math Quiz

One-Step Equations Quiz Stats

 Plays Quiz Updated May 17, 2018

Also try: Simple Math Mayhem
Challenge
Share
Tweet
Embed
Score 0/30 Timer 04:00
9 Plays Today
Equation Answer % Correct
7y = 497
99.7%
9y = 728
98.5%
y - 82 = 385
98.4%
22y = 442
98.3%
6y = 244
98.1%
88 = y - 1199
97.3%
60 = y/2120
96.3%
22 + y = 362340
96.2%
28 = 4y7
94.6%
6 + y = 1812
94%
5y = 7515
93.2%
66 = 11y6
92.1%
45 = y/3135
91.5%
y/3 = 412
91.3%
146 = y - 82228
91%
Equation Answer % Correct
y + 8 = 2315
90.9%
y - 7 = 4754
90.7%
20 = y/480
90.7%
10 + y = 329319
90%
12y = 484
89.8%
y/9 = 436
89.6%
5 = y/525
88.1%
18 = y + 315
88%
10y = 40040
87.8%
y - 22 = 1133
87.5%
y - 392 = 23922784
86.8%
144 = 12y12
86.7%
y/4 = 728
86.6%
7 + y = 8073
86.2%
29 = y - 3968
86.1%

You're not logged in!

Compare scores with friends on all Sporcle quizzes.
OR
Log In

You Might Also Like...

Show Comments

Extras

Top Quizzes Today


Score Distribution

Your Account Isn't Verified!

In order to create a playlist on Sporcle, you need to verify the email address you used during registration. Go to your Sporcle Settings to finish the process.

Report this User

Report this user for behavior that violates our Community Guidelines.

Details: